1957 1130 1309 1351 1490 1917 1252 1298 1258 1483 1364 1496 1041 1003 1060 1395 1500 1978 1842 1321 1531 1535 1880 1798 1589 1000 1841 1159 1234 1043 1679 1311 1965 1990 1617 1137 1549 1932 1506 1566 1010 1047 1062 1733 1370 1591 1215 1228 1190 1986 1529 1956 1797 1506 1616 1397 1638 1478 1651 1998 1987 1070 1490 1381 1517 1487 1490 1122 1329 1588 1701 1572 1430 1040 1260 1102 1627 1448 1471 1797 1195 1033 1726 1971 1785 2000 1545 1826 1621 1055 1905 1127 1330 1649 1405 1790 1728 1285 1979 BCNSPRNW ULIB Ver.6.0+V

เปลี่ยนเป็นภาษาไทย

Change to English
 แสดงรายละเอียดบรรณานุกรม
  กลับหน้าหลัก

Brief Record : Get Marc (ISO 2709) : E-mail record : QR code < ปิดหน้าต่าง
LEADER : 00000nam 2200000uu 4500
001    13399123247
003     ULIB
008    140801s2552||||th 000 0 tha d
060  4 ^aWY18.8^bน927 ล.1
110 1  ^aคณะอาจารย์วิทยาลัยพยาบาลและกลุ่มพัฒนาการศึกษา สถาบันพระบรมราชชนก กระทรวงสาธารณสุข
245 00 ^aแนวทางการจัดการเรียนรู้แบบบูรณาการ รายวิชา การพยาบาลบุคคลที่มีปัญหาสุขภาพ 1/^cคณะอาจารย์วิทยาลัยพยาบาลและกลุ่มพัฒนาการศึกษา สถาบันพระบรมราชชนก กระทรวงสาธารณสุข
246 0  ^aการพยาบาลบุคคลที่มีปัญหาสุขภาพ 1
260    ^aนนทบุรี:^bกลุ่มพัฒนาการศึกษา สถาบันพระบรมราชชนก,^c2552
300    ^a162 หน้า:^bตาราง,^c29 ซม
650  4 ^aการจัดการเรียนการสอน
650  4 ^aการเรียนการสอนแบบบูรณาการ
650  7 ^aการพยาบาลบุคคลที่มีปัญหาทางสุขภาพ
700 0  ^aพจนา ปิยะปกรณ์ชัย,^eบรรณาธิการ^f
700 0  ^aอำไพรัตน์ กลิ่นขจร,ุ^eบรรณาธิกา
945    ^p0^l0^i20412
945    ^p0^l0^i20413
945    ^p0^l0^i20414
999    ^aทศพร เกษรทอง
รายการนี้ยังไม่มีแท็ก
คุณยังไม่ได้ล็อกอิน คุณสามารถมีกิจกรรมร่วมกับเว็บไซต์ได้ แต่ต้องล็อกอินก่อน ::
  ล็อกอิน

รายการสื่อสารสนเทศ

ลำดับที่ ประเภท เลขเรียก/บาร์โค้ด สถานที่ สถานะ
1. Book การพยาบาล
Book การพยาบาล
สถานะ=หนังสือเก่า
WY18.8 น927 ล.1 ฉ.3 
  Barcode: 20414
ห้องสมุดวิทยาเขตนครสวรรค์
►ส่วนจัดเก็บหนังสือเก่า นว.
บนชั้น
  ขอยืม

รายการใกล้เคียง
    หัวเรื่อง [การจัดการเรียนการสอน]
    หัวเรื่อง [การเรียนการสอนแบบบูรณาการ]
    หัวเรื่อง [การพยาบาลบุคคลที่มีปัญหาทางสุขภาพ]

BibComment


ยังไม่เคยถูกคอมเมนท์

คอมเมนท์ทรัพยากรรายการนี้
  คอมเมนท์: แนวทางการจัดการเ..


 Copyright 2026. Bcnsprnw @Library